Project management for business and technology

Saved in:
Bibliographic Details
Main Author: John M. Nicholas
Format: Book
Language:Undetermined
Published: Upper Saddle River, New Jersey Prentice-Hall 2001
Subjects:
Tags: Add Tag
No Tags, Be the first to tag this record!
Institutions: Trung tâm Học liệu Trường Đại học Cần Thơ
LEADER 00527nam a2200181Ia 4500
001 CTU_54815
008 210402s9999 xx 000 0 und d
020 |b 1400000 
082 |a 658.4'04 
082 |b N597 
100 |a John M. Nicholas 
245 0 |a Project management for business and technology 
245 0 |c John M. Nicholas 
260 |a Upper Saddle River, New Jersey 
260 |b Prentice-Hall 
260 |c 2001 
650 |a industrial project management 
980 |a Trung tâm Học liệu Trường Đại học Cần Thơ